Logo CIB grande

MUESTREO ESTADÍSTICO CONCEPTOS Y PROBLEMAS RESUELTOS (Registro nro. 227377)

Detalles MARC
000 -LEADER
campo de control de longitud fija 00617nam a2200241Ia 4500
005 - FECHA Y HORA DE LA ÚLTIMA TRANSACCIÓN
campo de control 20250425162339.0
008 - DATOS DE LONGITUD FIJA--INFORMACIÓN GENERAL
campo de control de longitud fija 250425s9999 xx 000 0 und d
020 ## - NÚMERO INTERNACIONAL ESTÁNDAR DEL LIBRO
Número Internacional Estándar del Libro 8420544116
041 ## - CÓDIGO DE IDIOMA
Código de lengua del texto/banda sonora o título independiente spa
043 ## - CÓDIGO DE ÁREA GEOGRÁFICA
Código de área geográfica sp
082 ## - NÚMERO DE LA CLASIFICACIÓN DECIMAL DEWEY
Número de clasificación 519.2
010 ## - NÚMERO DE CONTROL DE LA BIBLIOTECA DEL CONGRESO
Número de control de LC 64523
100 ## - ENTRADA PRINCIPAL--NOMBRE DE PERSONA
Nombre de persona PEREZ LOPEZ, CESAR
245 #0 - MENCIÓN DEL TÍTULO
Título MUESTREO ESTADÍSTICO CONCEPTOS Y PROBLEMAS RESUELTOS
250 ## - MENCION DE EDICION
Mención de edición 1 ED.
260 ## - PUBLICACIÓN, DISTRIBUCIÓN, ETC.
Lugar de publicación, distribución, etc. España
Nombre del editor, distribuidor, etc. PEARSON/PRENTICE-HALL
Fecha de publicación, distribución, etc. 2005
260 ## - PUBLICACIÓN, DISTRIBUCIÓN, ETC.
Lugar de publicación, distribución, etc. MADRID
300 ## - DESCRIPCIÓN FÍSICA
Extensión 374
650 ## - PUNTO DE ACCESO ADICIONAL DE MATERIA--TÉRMINO DE MATERIA
Término de materia o nombre geográfico como elemento de entrada ESTADISTICA MATEMATICA
650 ## - PUNTO DE ACCESO ADICIONAL DE MATERIA--TÉRMINO DE MATERIA
Término de materia o nombre geográfico como elemento de entrada INGENIERIA-METODOS ESTADISTICOS
650 ## - PUNTO DE ACCESO ADICIONAL DE MATERIA--TÉRMINO DE MATERIA
Término de materia o nombre geográfico como elemento de entrada MUESTREO (ESTADISTICA)
942 ## - ELEMENTOS DE ENTRADA SECUNDARIOS (KOHA)
Tipo de ítem Koha Libros
Existencias
Estatus retirado Estado de pérdida Fuente de la clasificación o esquema de estantería Estado de daño No para préstamo Biblioteca de origen Biblioteca actual Fecha de adquisición Coste, precio normal de compra Total de préstamos Código de barras Copia número Tipo de ítem Koha Ubicación en estantería Etiqueta RFID Visto por última vez Fecha del último préstamo
    Clasificación Decimal Dewey     CENTRO DE INFORMACIÓN BIBLIOTECARIA CENTRO DE INFORMACIÓN BIBLIOTECARIA 22/10/2010 28.00   54663 1 Libros        
    Clasificación Decimal Dewey     CENTRO DE INFORMACIÓN BIBLIOTECARIA CENTRO DE INFORMACIÓN BIBLIOTECARIA 22/10/2010 28.00   54664 2 Libros        
    Clasificación Decimal Dewey     CENTRO DE INFORMACIÓN BIBLIOTECARIA CENTRO DE INFORMACIÓN BIBLIOTECARIA 22/10/2010 28.00 10 54665 3 Libros   0000000000000000008678 07/10/2025 02/10/2025

Copyright 2025 ESPOL. Todos los derechos reservados.